书目信息 |
| 题名: |
变化中的英语
|
|
| 作者: | 顾曰国 主编 | |
| 分册: | 9 | |
| 出版信息: | 北京 外语教学与研究出版社 1997 |
|
| 页数: | 407页 | |
| 开本: | 26cm | |
| 丛书名: | 高级英语自学系列教程 | |
| 单 册: | ||
| 中图分类: | H31 | |
| 科图分类: | 41.68 | |
| 主题词: | 英语--电视大学--教材 | |
| 电子资源: | ||
| ISBN: | 7-5600-1368-6 | |
| 000 | 00837nam2 2200265 45 | |
| 001 | 0198020117 | |
| 005 | 20070618180751.50 | |
| 010 | @a7-5600-1368-6@dCNY33.90 | |
| 100 | @a19980403d1997 em y0chiy0121 ea | |
| 101 | 0 | @achi@aeng |
| 102 | @aCN@b110000 | |
| 105 | @ay z 000yy | |
| 200 | 10 | @a变化中的英语@Abian hua zhong de ying yu@h9@f顾曰国主编 |
| 210 | @a北京@c外语教学与研究出版社@d1997@h1998 | |
| 215 | @a407页@d26cm | |
| 225 | 2 | @a高级英语自学系列教程@dHelp yourself to a BA course series@zeng@v9 |
| 300 | @a中央广播电视大学“专升本”指定教材 试用本 | |
| 410 | 0 | @12001 @a高级英语自学系列教程 |
| 510 | 1 | @aEnglish in a changing world@zeng |
| 606 | @a英语@x电视大学@x教材 | |
| 690 | @aH31@v3 | |
| 692 | @a41.68@v2 | |
| 701 | 0 | @a顾曰国@Agu yue guo@4主编 |
| 801 | 0 | @aCN@bTSSF@c20070618 |
| 905 | @a10447@dH31@e1054:9 | |
| 变化中的英语.9/顾曰国主编.-北京:外语教学与研究出版社,1997(1998) |
| 407页;26cm.-(高级英语自学系列教程=Help yourself to a BA course series;9) |
| 中央广播电视大学“专升本”指定教材 试用本 |
| ISBN 7-5600-1368-6:CNY33.90 |
| ● |
| 相关链接 |
|
|
|
|
正题名:变化中的英语
索取号:H31/1054:9
 
预约/预借
| 序号 | 登录号 | 条形码 | 馆藏地/架位号 | 状态 | 备注 |
| 1 | 0644687 | 206446871 | 库房3/ [索取号:H31/1054:9] | 在馆 | |
| 2 | 0652270 | 206522707 | 密集书库/ [索取号:H31/1054:9] | 在馆 | |
| 3 | 0652271 | 206522716 | 密集书库/ [索取号:H31/1054:9] | 在馆 | |
| 4 | 0652272 | 206522725 | 密集书库/ [索取号:H31/1054:9] | 在馆 | |
| 5 | 0655344 | 206553442 | 库房3/ [索取号:H31/1054:9] | 在馆 |